| 000 | 01944pam a2200337 i 4500 | ||
|---|---|---|---|
| 001 | 990220064540107026 | ||
| 003 | UkOxU | ||
| 005 | 20260127154256.0 | ||
| 008 | 200106r20202019enka b 001|0|eng|d | ||
| 015 |
_aGBC033608 _2bnb |
||
| 020 |
_a9780552779906 _qpaperback _qB format _cĐ9.99 |
||
| 035 | _a(UkOxU)022006454 | ||
| 035 | _a(UkOxU)022006454BIB01 | ||
| 035 | _a(Uk)019735273 | ||
| 040 |
_aStDuBDS _beng _erda _cStDuBDS _dUkOxU |
||
| 041 | _aEN | ||
| 100 |
_aBryson, Bill, _eauthor. _926675 |
||
| 245 | 1 | 4 |
_aThe body _b: a guide for occupants _c/ Bill Bryson. |
| 250 | _aBlack Swan edition. | ||
| 264 | 1 |
_aLondon : _bBlack Swan, _c2020. |
|
| 300 |
_ax, 532 pages, 16 unnumbered pages of plates : _billustrations (some colour) ; _c20 cm |
||
| 500 | _aOriginally published: 2019. | ||
| 500 | _aContains a "Brief Afterword" (pages 447-448) written in April 2020 discussing the Covid-19 pandemic. | ||
| 504 | _aIncludes bibliographical references (pages 487-501) and index. | ||
| 520 | _aIn the bestselling, prize-winning A Short History of Nearly Everything, Bill Bryson achieved the seemingly impossible by making the science of our world both understandable and entertaining to millions of people around the globe. Now he turns his attention inwards to explore the human body, how it functions and its remarkable ability to heal itself. Full of extraordinary facts and astonishing stories, The Body: A Guide for Occupants is a brilliant, often very funny attempt to understand the miracle of our physical and neurological make up. A wonderful successor to A Short History of Nearly Everything, this book will have you marvelling at the form you occupy, and celebrating the genius of your existence, time and time again. | ||
| 650 | 0 |
_aHuman body _vPopular works. |
|
| 650 | 0 |
_aHuman anatomy _vPopular works. |
|
| 650 | 0 |
_aHuman physiology _xPopular works. |
|
| 650 | 0 |
_aMedicine _xHistory _vPopular works. |
|
| 942 | _2lcc | ||
| 999 |
_c5305 _d5305 |
||